| 000 | 00990nam a2200337 i 4500 | ||
|---|---|---|---|
| 001 | bg | ||
| 003 | BPK | ||
| 005 | 20240405063130.0 | ||
| 008 | 001205s2000 pl f f |001 0 pol | ||
| 015 | _aPB 2001/61 | ||
| 020 | _a8372060541 | ||
| 040 |
_aWA N _cPBK |
||
| 041 | 0 | _apol | |
| 080 | _a351/354"17/19" | ||
| 080 | _a(075.8) | ||
| 100 | 1 |
_aIzdebski, Hubert _d(1947- ) _eAutor |
|
| 245 | 1 | 0 |
_aHistoria administracji / _cHubert Izdebski. |
| 250 | _aWyd. 4. | ||
| 260 |
_aWarszawa : _b"Liber", _c2000. |
||
| 300 |
_a[2], 352 s. ; _c21 cm. |
||
| 504 | _aInfor. bibliogr. - Indeksy. | ||
| 648 | 4 | _a1701-1800 | |
| 648 | 4 | _a1801-1900 | |
| 648 | 4 | _a1901-2000 | |
| 650 | 4 | _aAdministracja | |
| 655 | 4 | _aPodręczniki akademickie | |
| 658 | _aPolityka, politologia, administracja publiczna | ||
| 658 | _aHistoria | ||
| 856 |
_uhttp://koha.tu.koszalin.pl/cgi-bin/koha/opac-detail.pl?biblionumber=40035 _yKatalog online BPK |
||
| 942 |
_2UKD _cKS |
||
| 999 |
_c40035 _d40035 |
||